[Event "Open 13 2010/2011"]
[Site "Vitrolles"]
[Date "2010.10.09"]
[Round "1"]
[White "Burmonas, Romain"]
[Black "Battaglia, Gerard"]
[Result "1-0"]
[WhiteElo "1754"]
[BlackElo "1896"]
[PlyCount "83"]
[EventDate "2010.??.??"]

1. e4 e6 2. d3 d5 3. Nd2 Nf6 4. Ngf3 c5 5. g3 Nc6 6. Bg2 Be7 7. O-O O-O 8. Re1
Qc7 9. h4 Rd8 10. e5 Nd7 11. Qe2 b6 12. Nf1 Ba6 13. Bf4 Rac8 14. N1h2 c4 15. d4
Nb4 16. Qd1 c3 17. b3 Nf8 18. a3 Nc6 19. h5 b5 20. Bh3 Qb6 21. Ng4 Re8 22. Kg2
Qd8 23. Qc1 Nb8 24. Qe3 Nbd7 25. a4 b4 26. Rg1 Rc6 27. Rae1 Bc8 28. Kh1 Kh8 29.
Bg5 f6 30. exf6 gxf6 31. Nh6 Kg7 32. Bf4 Qb6 33. Nh4 e5 34. N4f5+ Kh8 35. Nf7+
Kg8 36. N7h6+ Kh8 37. Qf3 Ne6 38. Nf7+ Kg8 39. N5h6+ Kf8 40. Bxe6 Rxe6 41. Qg4
Bd8 42. Qg8+ 1-0

[Event "Open 13 2010/2011"]
[Site "Vitrolles"]
[Date "2010.10.09"]
[Round "1"]
[White "Israel, Daniel"]
[Black "Jean, Nicolas"]
[Result "0-1"]
[WhiteElo "1895"]
[BlackElo "1713"]
[PlyCount "100"]
[EventDate "2010.??.??"]

1. d4 Nf6 2. c4 e6 3. Nf3 b6 4. Nc3 Bb7 5. e3 Bb4 6. Bd2 Bxc3 7. Bxc3 Ne4 8.
Bb4 d6 9. Bd3 O-O 10. O-O f5 11. Ne1 Qg5 12. f4 Qg6 13. Rf3 Nd7 14. Bxe4 Bxe4
15. Rg3 Qf7 16. Nf3 h6 17. Bc3 Nf6 18. Nh4 Ng4 19. Qe1 Nf6 20. Rg6 Kh7 21. Qg3
Rg8 22. b3 Nd7 23. Qh3 Nf6 24. Bb2 Rae8 25. Rd1 Ng4 26. Qg3 Qe7 27. Qe1 Nxe3
28. Rd2 Ng4 29. h3 Nf6 30. g4 Nd7 31. gxf5 exf5 32. Kh2 Qf7 33. Qd1 Nf6 34. d5
Ref8 35. b4 Qe7 36. Qe1 Qd8 37. Bd4 Nd7 38. Qg1 Rf7 39. Qf2 c6 40. Rxd6 cxd5
41. cxd5 Qe7 42. Re6 Qxb4 43. Rb2 Qc4 44. Rd6 Rc8 45. Qg1 Nf8 46. Ng6 Nd7 47.
Rxd7 Rxd7 48. Ne5 Qxd5 49. Qg6+ Kh8 50. Nxd7 Qxd4 0-1

[Event "Open 13 2010/2011"]
[Site "Vitrolles"]
[Date "2010.10.09"]
[Round "1"]
[White "Figier, Anthony"]
[Black "Miguel, Alain"]
[Result "0-1"]
[WhiteElo "1676"]
[BlackElo "1856"]
[PlyCount "84"]
[EventDate "2010.??.??"]

1. e4 d5 2. exd5 Qxd5 3. Nc3 Qd6 4. d4 Nf6 5. Nf3 a6 6. Bc4 b5 7. Bb3 Bb7 8.
O-O e6 9. Ne5 c5 10. Bf4 cxd4 11. Ne2 Nh5 12. Qd2 Nxf4 13. Qxf4 f6 14. Nd3 Qxf4
15. Nexf4 e5 16. Ne6 Kd7 17. f4 Nc6 18. Nxf8+ Rhxf8 19. Nc5+ Kc8 20. Be6+ Kc7
21. Bd5 Kd6 22. Bxc6 Bxc6 23. Nb3 Be4 24. c3 Bc2 25. Rf2 Bxb3 26. axb3 d3 27.
Re1 Kd5 28. Rd2 e4 29. Kf2 f5 30. Ke3 a5 31. Rc1 Rfc8 32. h3 a4 33. bxa4 bxa4
34. Ra1 Kc4 35. g4 g6 36. gxf5 gxf5 37. Rg2 Rg8 38. Rag1 Rxg2 39. Rxg2 a3 40.
bxa3 Rxa3 41. Rg5 Ra2 42. Rxf5 Re2# 0-1

[Event "Open 13 2010/2011"]
[Site "Vitrolles"]
[Date "2010.10.09"]
[Round "1"]
[White "Vallette, Patrick"]
[Black "Mallan, Charles"]
[Result "1-0"]
[WhiteElo "1852"]
[BlackElo "1710"]
[PlyCount "89"]
[EventDate "2010.??.??"]

1. e4 c5 2. Nf3 d6 3. d4 cxd4 4. Nxd4 Nf6 5. Nc3 e6 6. Bg5 Be7 7. Qd2 O-O 8.
Bd3 Nc6 9. Nxc6 bxc6 10. f3 Bb7 11. O-O-O Qc7 12. g4 Ne8 13. h4 f6 14. Bf4 e5
15. Be3 d5 16. exd5 cxd5 17. Nxd5 Bxd5 18. Bxh7+ Kxh7 19. Qxd5 Nd6 20. g5 Qc4
21. gxf6 Qxd5 22. Rxd5 gxf6 23. Bc5 Nf5 24. Rd7 Rfe8 25. Rhd1 Kh8 26. Bxa7 Rad8
27. Rxd8 Rxd8 28. Rxd8+ Bxd8 29. Bf2 Nd6 30. b4 f5 31. a4 f4 32. a5 Nc8 33. a6
Bb6 34. Bxb6 Nxb6 35. Kd2 Kg7 36. Kd3 Kf6 37. Ke4 Nc8 38. c4 Nd6+ 39. Kd3 Nc8
40. c5 Kf5 41. b5 e4+ 42. fxe4+ Kg4 43. Ke2 Kxh4 44. Kf3 Kg5 45. b6 1-0

[Event "Open 13 2010/2011"]
[Site "Vitrolles"]
[Date "2010.10.09"]
[Round "1"]
[White "Parroco, Pierre-Jean"]
[Black "Colandrea, Sauveur"]
[Result "0-1"]
[WhiteElo "1686"]
[BlackElo "1826"]
[PlyCount "134"]
[EventDate "2010.??.??"]

1. e4 g6 2. d4 Bg7 3. Be3 c6 4. Nd2 d5 5. f3 Qb6 6. Nb3 dxe4 7. fxe4 Nf6 8. Qd3
Ng4 9. Bd2 Qc7 10. Nf3 b6 11. Be3 h5 12. Nbd2 Nxe3 13. Qxe3 Nd7 14. Bc4 e6 15.
e5 c5 16. c3 Bb7 17. Ne4 Bh6 18. Qe2 Bxe4 19. Qxe4 O-O 20. Bb3 b5 21. Bxe6 Kg7
22. Bxd7 Qxd7 23. O-O Rad8 24. Rad1 Qd5 25. Qxd5 Rxd5 26. Rfe1 Re8 27. Kf2 Re6
28. Rd3 Kf8 29. Nd2 Bg7 30. Nf3 Ke7 31. b3 c4 32. bxc4 bxc4 33. Rd2 f6 34.
exf6+ Bxf6 35. Rxe6+ Kxe6 36. Re2+ Kd6 37. Nd2 Rf5+ 38. Ke1 Kd5 39. Nf1 Bg5 40.
Ne3+ Bxe3 41. Rxe3 Kd6 42. Kd2 Ra5 43. Kc1 Rxa2 44. Rg3 Kd5 45. Rg5+ Ke4 46. d5
Ra6 47. d6 Rxd6 48. Ra5 a6 49. Ra2 Rf6 50. Rd2 Ke5 51. Kb2 Rd6 52. Re2+ Kd5 53.
Ka3 Rb6 54. Re3 Rb1 55. Rg3 Rb6 56. Ka4 Ke4 57. Ka5 Rc6 58. Kb4 Kf5 59. Rf3+
Ke6 60. Re3+ Kd7 61. Re4 Kc7 62. Rxc4 a5+ 63. Kb5 Rxc4 64. Kxc4 Kc6 65. h4 Kb6
66. Kd3 Kc5 67. c4 Kb4 0-1

[Event "Open 13 2010/2011"]
[Site "Vitrolles"]
[Date "2010.10.09"]
[Round "1"]
[White "Flores, Adrian"]
[Black "Kaser, Simon"]
[Result "1/2-1/2"]
[WhiteElo "1825"]
[BlackElo "1684"]
[PlyCount "77"]
[EventDate "2010.??.??"]

1. d4 d5 2. c4 c6 3. Nf3 Nf6 4. Nc3 e6 5. cxd5 exd5 6. Bg5 Be7 7. e3 O-O 8. Bd3
h6 9. Bf4 Re8 10. h3 Bd6 11. Bxd6 Qxd6 12. Ne5 a6 13. f4 c5 14. O-O Nc6 15. Bb1
cxd4 16. exd4 Qb4 17. Nxc6 bxc6 18. Rf2 Ra7 19. a3 Qb8 20. Qd2 Rae7 21. Bd3 Ne4
22. Bxe4 dxe4 23. Qe3 a5 24. Re1 Rb7 25. Ree2 Be6 26. f5 Bd5 27. f6 Re6 28. Rd2
Qd6 29. fxg7 Kxg7 30. Rf5 Rbe7 31. Rdf2 Rg6 32. Ne2 Rb7 33. Nf4 Rb3 34. Qe2 e3
35. Rf1 Rg5 36. Nxd5 Rxf5 37. Rxf5 cxd5 38. Re5 Qf6 39. Rxd5 1/2-1/2

[Event "Open 13 2010/2011"]
[Site "Vitrolles"]
[Date "2010.10.09"]
[Round "1"]
[White "Charvein, Gabriel"]
[Black "Saada, Claude"]
[Result "0-1"]
[WhiteElo "1679"]
[BlackElo "1800"]
[PlyCount "98"]
[EventDate "2010.??.??"]

1. g3 Nf6 2. Bg2 d5 3. c4 e6 4. Nc3 c6 5. cxd5 exd5 6. d4 Bb4 7. Bd2 O-O 8. Nf3
Bf5 9. O-O h6 10. e3 Re8 11. Qb3 Bxc3 12. bxc3 Qc7 13. Rac1 Nbd7 14. Rfd1 Bd3
15. Be1 Be2 16. Rd2 Bc4 17. Qb1 Ne4 18. Rb2 b6 19. Nd2 Nxd2 20. Bxd2 Nf6 21. f3
Qc8 22. Bf1 Bxf1 23. Rxf1 Qe6 24. Qd3 Re7 25. Rc2 b5 26. a4 a6 27. Ra1 Nh5 28.
axb5 cxb5 29. Rb2 Rb8 30. Rba2 Rb6 31. Kg2 f5 32. Bc1 Rf7 33. Re2 Re7 34. Bd2
Qg6 35. Kf2 Rbe6 36. Rg1 Qf6 37. f4 Re4 38. Ke1 Qg6 39. Rf1 Qg4 40. Bc1 Rc7 41.
Qc2 Rc4 42. Bd2 Nf6 43. Qb1 Re6 44. Qc2 Ne4 45. Rg1 Rec6 46. Qa2 Kh7 47. Rgg2
Nxd2 48. Rxd2 Qf3 49. Qc2 g6 0-1

[Event "Open 13 2010/2011"]
[Site "Vitrolles"]
[Date "2010.10.09"]
[Round "1"]
[White "Del Vecchio, Alain"]
[Black "Desmas, William"]
[Result "1-0"]
[WhiteElo "1799"]
[BlackElo "1710"]
[PlyCount "47"]
[EventDate "2010.??.??"]

1. e4 e5 2. Nc3 Nf6 3. Bc4 Nc6 4. d3 Bb4 5. Nge2 d5 6. exd5 Nxd5 7. O-O Bxc3 8.
bxc3 O-O 9. Ba3 Re8 10. Qd2 Bg4 11. f3 Be6 12. Rab1 Na5 13. Bb5 c6 14. Ba4 Nb6
15. Bb3 Nbc4 16. Bxc4 Nxc4 17. Qc1 Nxa3 18. Qxa3 b6 19. f4 Bg4 20. Ng3 Qd7 21.
f5 g6 22. f6 Be6 23. Ne4 Bd5 24. Qc1 1-0

[Event "Open 13 2010/2011"]
[Site "Vitrolles"]
[Date "2010.10.09"]
[Round "1"]
[White "Dudognon, Thibault"]
[Black "Noireaut, Hung"]
[Result "0-1"]
[WhiteElo "1665"]
[BlackElo "1793"]
[PlyCount "136"]
[EventDate "2010.??.??"]

1. e4 Nf6 2. Nc3 d5 3. e5 Nfd7 4. d4 e6 5. f4 c5 6. Nf3 Nc6 7. Be3 Qb6 8. Na4
Qa5+ 9. Nc3 cxd4 10. Nxd4 Bb4 11. Qd2 Nc5 12. Nxc6 bxc6 13. Bxc5 Qxc5 14. a3
Bxc3 15. bxc3 Bd7 16. Qd4 Qb6 17. Bd3 c5 18. Qf2 Qb2 19. Kd2 d4 20. cxd4 cxd4
21. Rhb1 Qc3+ 22. Ke2 Ba4 23. Qe1 Qc6 24. Qf2 O-O 25. Qf3 Qxf3+ 26. Kxf3 Rac8
27. Rb4 Bxc2 28. Bxc2 Rc3+ 29. Bd3 Rxd3+ 30. Ke2 Re3+ 31. Kf2 g5 32. g3 gxf4
33. gxf4 Rh3 34. Rxd4 Rxh2+ 35. Kg3 Rc2 36. Rd7 Rb8 37. Rg1 a5 38. Kh4+ Kf8 39.
Kg5 Rh2 40. Rc1 Rbb2 41. f5 Rbg2+ 42. Kf4 Rf2+ 43. Ke4 Rh4+ 44. Ke3 Rxf5 45.
Rd8+ Kg7 46. Rg1+ Kh6 47. Rd4 Rxd4 48. Kxd4 Rg5 49. Rf1 Kg6 50. Rf6+ Kg7 51.
Rf4 h5 52. Ke4 Rg4 53. Rxg4+ hxg4 54. Kf4 Kg6 55. Kxg4 a4 56. Kf4 Kh5 57. Kf3
Kg5 58. Ke3 Kf5 59. Kd4 Kf4 60. Kc5 Kxe5 61. Kb4 f5 62. Kxa4 f4 63. Kb5 f3 64.
a4 f2 65. a5 f1=Q+ 66. Kb6 Kd6 67. a6 Qb1+ 68. Ka7 Kc7 0-1

[Event "Open 13 2010/2011"]
[Site "Vitrolles"]
[Date "2010.10.09"]
[Round "1"]
[White "Jullien, Patrick"]
[Black "Blanc, Michel"]
[Result "1-0"]
[WhiteElo "1786"]
[BlackElo "1662"]
[PlyCount "97"]
[EventDate "2010.??.??"]

1. e4 c6 2. d4 d5 3. Nc3 dxe4 4. Nxe4 Bf5 5. Ng3 Bg6 6. Nf3 Nd7 7. h4 h6 8. h5
Bh7 9. Bd3 Bxd3 10. Qxd3 e6 11. Bf4 Qa5+ 12. Qd2 Qxd2+ 13. Nxd2 Ngf6 14. Nge4
Bb4 15. c3 Nxe4 16. Nxe4 Be7 17. Nd6+ Bxd6 18. Bxd6 Nb6 19. O-O-O Nd5 20. Be5
f6 21. Bg3 Kf7 22. c4 Nb6 23. b3 Rhe8 24. Rhe1 Nd7 25. Re2 f5 26. Be5 Nf6 27.
Rh1 Rad8 28. f3 Re7 29. Kc2 Nd7 30. Bg3 Rg8 31. Bd6 Ree8 32. Kc3 Nf6 33. Bc5 a6
34. Bb6 g5 35. hxg6+ Rxg6 36. Bc7 Reg8 37. g3 b5 38. Bf4 a5 39. Rhe1 Nh5 40.
cxb5 cxb5 41. d5 Nxf4 42. gxf4 Re8 43. Kd4 Re7 44. Kc5 Rd7 45. dxe6+ Rxe6 46.
Rxe6 Rd3 47. Re7+ Kg6 48. R7e6+ Kh5 49. Rh1# 1-0

[Event "Open 13 2010/2011"]
[Site "Vitrolles"]
[Date "2010.10.09"]
[Round "1"]
[White "Bertrand, Alexandre"]
[Black "Mosse, Laurent"]
[Result "1/2-1/2"]
[WhiteElo "1660"]
[BlackElo "1782"]
[PlyCount "124"]
[EventDate "2010.??.??"]

1. e4 c6 2. d4 d5 3. e5 Bf5 4. Nf3 e6 5. c3 f6 6. Bd3 Bg6 7. Qc2 Bxd3 8. Qxd3
f5 9. Bg5 Be7 10. Bxe7 Nxe7 11. Nbd2 Ng6 12. O-O Nd7 13. Rfe1 h6 14. Qe3 Qe7
15. a3 O-O-O 16. c4 Nh4 17. cxd5 Nxf3+ 18. Nxf3 exd5 19. Rec1 g5 20. b4 Nb6 21.
Nd2 f4 22. Qe2 Kb8 23. b5 Rc8 24. bxc6 Rxc6 25. Rxc6 bxc6 26. Qd3 c5 27. dxc5
Qxc5 28. h3 d4 29. Nf3 Qc3 30. Qxd4 Qxd4 31. Nxd4 Re8 32. e6 Ka8 33. Kf1 Nd5
34. Rc1 Kb7 35. Ke2 Nc7 36. Kd3 Nxe6 37. Re1 Nc5+ 38. Kd2 Ne4+ 39. Kc1 Rc8+ 40.
Nc2 Nxf2 41. Re7+ Rc7 42. Rxc7+ Kxc7 43. Kd2 h5 44. Ke2 Ne4 45. Kf3 Nc3 46. g3
fxg3 47. Kxg3 Kd6 48. Nd4 Kd5 49. Nf5 Ne4+ 50. Kf3 Ke5 51. Ng7 Nf6 52. Kg3 Ke4
53. Ne6 h4+ 54. Kg2 Kf5 55. Nd4+ Ke4 56. Nc6 Nd5 57. Nxa7 Ne3+ 58. Kh2 g4 59.
hxg4 Nxg4+ 60. Kh3 Ne5 61. Kxh4 Nc4 62. a4 Na5 1/2-1/2

[Event "Open 13 2010/2011"]
[Site "Vitrolles"]
[Date "2010.10.09"]
[Round "1"]
[White "Solchaga, Jerome"]
[Black "Urcun, Gael"]
[Result "1/2-1/2"]
[WhiteElo "1778"]
[BlackElo "1660"]
[PlyCount "121"]
[EventDate "2010.??.??"]

1. e4 c6 2. d4 d5 3. Nc3 dxe4 4. Nxe4 Bf5 5. Ng3 Bg6 6. h4 h6 7. Nf3 Nd7 8. h5
Bh7 9. Bd3 Bxd3 10. Qxd3 e6 11. Bd2 Ngf6 12. O-O-O Be7 13. Ne4 Nxe4 14. Qxe4
Nf6 15. Qe2 Qd5 16. c4 Qe4 17. Qxe4 Nxe4 18. Be3 O-O 19. Nd2 Nf6 20. f3 b5 21.
g4 bxc4 22. Nxc4 Nd5 23. Bf2 Bg5+ 24. Kb1 Rab8 25. Rd3 Rb4 26. Ne5 Rfb8 27. b3
Rc8 28. Be1 Rb7 29. Bd2 Nb4 30. Bxb4 Rxb4 31. Rf1 Bf4 32. Rfd1 c5 33. Rc3 Rxd4
34. Rxd4 Bxe5 35. Rdc4 Bxc3 36. Rxc3 Kf8 37. b4 c4 38. Kc2 Ke7 39. Kd2 Kd6 40.
Ke3 Kd5 41. Rc1 Rc7 42. Rd1+ Kc6 43. Rc1 Kb5 44. a3 Rd7 45. Rc3 e5 46. Ke2 Rd4
47. Re3 f6 48. Rc3 e4 49. fxe4 Rxe4+ 50. Kf3 Re1 51. Kf2 Re4 52. Kf3 Rd4 53.
Re3 Rd3 54. Rxd3 cxd3 55. Ke3 Kc4 56. Kd2 Kd4 57. a4 Kc4 58. b5 Kb4 59. Kxd3
Kxa4 60. Kc4 Ka3 61. Kc3 1/2-1/2

[Event "Open 13 2010/2011"]
[Site "Vitrolles"]
[Date "2010.10.09"]
[Round "1"]
[White "Scamaroni, Jean-Paul"]
[Black "Madranges, Jean"]
[Result "0-1"]
[WhiteElo "1656"]
[BlackElo "1770"]
[PlyCount "44"]
[EventDate "2010.??.??"]

1. d4 e6 2. c4 f5 3. g3 Nf6 4. Bg2 g6 5. Nc3 Bg7 6. Nf3 O-O 7. O-O d6 8. Re1
Nc6 9. e4 fxe4 10. Nxe4 Nxe4 11. Rxe4 e5 12. Bg5 Qe8 13. d5 Bf5 14. Re1 Nb4 15.
Re2 Qf7 16. Ne1 e4 17. a3 Na6 18. Be3 Bg4 19. f3 exf3 20. Rf2 Qe7 21. Bd4 fxg2
22. Rxf8+ Qxf8 0-1

[Event "Open 13 2010/2011"]
[Site "Vitrolles"]
[Date "2010.10.09"]
[Round "1"]
[White "Corrias, Robert"]
[Black "Vialette, Eric"]
[Result "1/2-1/2"]
[WhiteElo "1760"]
[BlackElo "1640"]
[PlyCount "43"]
[EventDate "2010.??.??"]

1. c4 Nf6 2. d4 c5 3. Nf3 g6 4. Nc3 cxd4 5. Nxd4 Bg7 6. Bf4 d6 7. Bg3 Nc6 8. e3
O-O 9. Be2 Qb6 10. Rb1 Rd8 11. O-O a6 12. a3 Nxd4 13. Qxd4 Qxd4 14. exd4 Bd7
15. Rfd1 Rac8 16. Bf3 Bc6 17. d5 Bd7 18. Re1 Re8 19. Be2 Ng4 20. Rbc1 Bh6 21.
Bxg4 Bxg4 22. Rc2 1/2-1/2

[Event "Open 13 2010/2011"]
[Site "Vitrolles"]
[Date "2010.10.09"]
[Round "1"]
[White "Estevez, Ange"]
[Black "Flores, Antonio"]
[Result "1-0"]
[WhiteElo "1638"]
[BlackElo "1755"]
[PlyCount "89"]
[EventDate "2010.??.??"]

1. e4 Nc6 2. d4 e5 3. d5 Nce7 4. Nf3 Ng6 5. c3 Bc5 6. b4 Bb6 7. Nbd2 a6 8. Nc4
Ba7 9. Be3 d6 10. h3 b5 11. Na5 Bxe3 12. fxe3 Nf6 13. Bd3 Nh5 14. g4 Nf6 15.
Qc2 Nd7 16. Nc6 Qf6 17. Rf1 h6 18. O-O-O Nh4 19. Qf2 g5 20. Nxh4 Qxf2 21. Rxf2
gxh4 22. Rdf1 f6 23. Kb2 Rf8 24. Rf5 Rh8 25. Rh5 a5 26. Bxb5 Ba6 27. Bxa6 Rxa6
28. b5 Rb6 29. a4 Nc5 30. Ka3 Nxe4 31. Rxh4 Nxc3 32. Rxf6 Nxd5 33. Rfxh6 Rxh6
34. Rxh6 Nxe3 35. Nxa5 Kf7 36. Rh7+ Kg6 37. Rxc7 Rb8 38. Rc6 Rd8 39. Nb7 Rd7
40. Rxd6+ Rxd6 41. Nxd6 Kg5 42. b6 e4 43. Nxe4+ Kf4 44. Nd6 Ke5 45. b7 1-0

[Event "Open 13 2010/2011"]
[Site "Vitrolles"]
[Date "2010.10.09"]
[Round "1"]
[White "Baquer, Marc"]
[Black "Anton, Jose"]
[Result "0-1"]
[WhiteElo "1792"]
[BlackElo "1888"]
[PlyCount "70"]
[EventDate "2010.??.??"]

1. d4 d5 2. Bg5 f6 3. Bh4 Nh6 4. e3 Nf5 5. Bd3 h5 6. Bxf5 Bxf5 7. f4 Nc6 8. c3
Qd7 9. Nf3 O-O-O 10. O-O e6 11. b4 Ne7 12. a4 Ng6 13. Nbd2 Bd6 14. Nb3 Bg4 15.
Be1 e5 16. h3 Bxf3 17. Rxf3 exf4 18. Nc5 Qf7 19. Qe2 Rhe8 20. Nxb7 Kxb7 21.
Qb5+ Kc8 22. Qc6 Rxe3 23. Rxe3 fxe3 24. b5 Qe8 25. Qa8+ Kd7 26. Qxa7 Nf4 27. b6
Ra8 28. Qb7 Qb8 29. Qxb8 Rxb8 30. bxc7 Kxc7 31. a5 Rb2 32. a6 Rxg2+ 33. Kh1 Kb8
34. Ra5 Rb2 35. Bg3 e2 0-1

[Event "Open 13 2010/2011"]
[Site "Vitrolles"]
[Date "2010.11.06"]
[Round "2"]
[White "Miguel, Alain"]
[Black "Jullien, Patrick"]
[Result "1-0"]
[WhiteElo "1856"]
[BlackElo "1786"]
[PlyCount "55"]
[EventDate "2010.??.??"]

1. d4 Nf6 2. Nf3 e6 3. e3 d5 4. Nbd2 Bd6 5. c4 c6 6. Bd3 O-O 7. b3 Re8 8. Bb2
Nbd7 9. Ne5 Qc7 10. f4 b6 11. O-O Bb7 12. Rc1 Rac8 13. cxd5 Nxd5 14. Bxh7+ Kf8
15. Bb1 Nxe3 16. Qh5 Bxe5 17. fxe5 Nxf1 18. Rxf1 Nb8 19. Bg6 f5 20. exf6 gxf6
21. Rxf6+ Ke7 22. Rf7+ Kd8 23. Rxc7 Rxc7 24. Bxe8 c5 25. Bb5 Nc6 26. dxc5 bxc5
27. Bf6+ Kd7 28. Qf7+ 1-0

[Event "Open 13 2010/2011"]
[Site "Vitrolles"]
[Date "2010.11.06"]
[Round "2"]
[White "Noireaut, Hung"]
[Black "Vallette, Patrick"]
[Result "1/2-1/2"]
[WhiteElo "1793"]
[BlackElo "1852"]
[PlyCount "45"]
[EventDate "2010.??.??"]

1. e4 e6 2. d3 d5 3. Nd2 c5 4. g3 Nc6 5. Bg2 Nf6 6. Ngf3 dxe4 7. dxe4 e5 8. O-O
Be7 9. c3 O-O 10. Qe2 Qc7 11. Nc4 h6 12. Nfd2 b6 13. Ne3 a5 14. Nd5 Qb7 15. Nc4
b5 16. Ncb6 Ra6 17. Nxc8 Rxc8 18. f4 c4 19. fxe5 Nxe5 20. Bf4 Bc5+ 21. Kh1 Nfd7
22. Qh5 Re8 23. Ne3 1/2-1/2

[Event "Open 13 2010/2011"]
[Site "Vitrolles"]
[Date "2010.11.06"]
[Round "2"]
[White "Colandrea, Sauveur"]
[Black "Burmonas, Romain"]
[Result "0-1"]
[WhiteElo "1826"]
[BlackElo "1754"]
[PlyCount "70"]
[EventDate "2010.??.??"]

1. c4 Nf6 2. Nc3 e6 3. g3 d5 4. Bg2 c6 5. cxd5 exd5 6. d3 Bb4 7. Bd2 O-O 8. Rc1
Re8 9. a3 Bd6 10. Nf3 Bf5 11. O-O Qd7 12. Bg5 Nh5 13. b4 h6 14. Be3 Nf6 15. Bd4
Qe6 16. Nh4 Bh7 17. f4 Nbd7 18. Rf3 Bc7 19. Qf1 Bb6 20. Bf2 Bxf2+ 21. Rxf2 Ng4
22. Bh3 Ndf6 23. Nd1 Qe7 24. Rg2 d4 25. Nf3 Rad8 26. Rc4 Ne3 27. Nxe3 dxe3 28.
Ne5 Nd5 29. f5 Qxe5 30. d4 Qd6 31. g4 Qf4 32. Qe1 Nf6 33. Kh1 Ne4 34. d5 Nf2+
35. Rxf2 exf2 0-1

[Event "Open 13 2010/2011"]
[Site "Vitrolles"]
[Date "2010.11.06"]
[Round "2"]
[White "Saada, Claude"]
[Black "Estevez, Ange"]
[Result "1-0"]
[WhiteElo "1800"]
[BlackElo "1638"]
[PlyCount "95"]
[EventDate "2010.??.??"]

1. d4 Nf6 2. Nf3 g6 3. c4 d5 4. Nc3 Bg7 5. e3 O-O 6. Be2 c6 7. O-O dxc4 8. Bxc4
b5 9. Bd3 Bb7 10. Qe2 Nbd7 11. Rd1 a6 12. a3 Qc7 13. Bd2 Rfe8 14. Rac1 Qb6 15.
Ne5 Nxe5 16. dxe5 Nd5 17. e4 Nxc3 18. Bxc3 e6 19. Bb1 Rad8 20. Rxd8 Rxd8 21.
Qe1 Qa7 22. Rd1 Rxd1 23. Qxd1 Qa8 24. f3 Qb8 25. Qd6 Qc8 26. Bb4 Bf8 27. Qxf8+
Qxf8 28. Bxf8 Kxf8 29. b4 Ke7 30. Kf2 f6 31. exf6+ Kxf6 32. Ke3 e5 33. h4 h6
34. f4 exf4+ 35. Kxf4 g5+ 36. hxg5+ hxg5+ 37. Kg4 Bc8+ 38. Kh5 g4 39. g3 Bd7
40. Bc2 Ke5 41. Kg5 Be6 42. Bd1 Kxe4 43. Bxg4 Bb3 44. Bc8 Kf3 45. g4 Kg3 46.
Bxa6 Be6 47. Bb7 Bd5 48. Kf5 1-0

[Event "Open 13 2010/2011"]
[Site "Vitrolles"]
[Date "2010.11.06"]
[Round "2"]
[White "Madranges, Jean"]
[Black "Del Vecchio, Alain"]
[Result "1-0"]
[WhiteElo "1770"]
[BlackElo "1799"]
[PlyCount "37"]
[EventDate "2010.??.??"]

1. d4 Nf6 2. Nf3 g6 3. Nc3 Bg7 4. e4 d6 5. Be3 c6 6. Qd2 Nbd7 7. Bh6 Bxh6 8.
Qxh6 Qa5 9. Bd3 Qh5 10. Qd2 O-O 11. O-O-O b5 12. h3 b4 13. Nd5 cxd5 14. g4 Nxg4
15. hxg4 Qxg4 16. Qh6 Nf6 17. e5 Nh5 18. Ng5 Qf4+ 19. Kb1 1-0

[Event "Open 13 2010/2011"]
[Site "Vitrolles"]
[Date "2010.11.06"]
[Round "2"]
[White "Jean, Nicolas"]
[Black "Flores, Adrian"]
[Result "0-1"]
[WhiteElo "1713"]
[BlackElo "1825"]
[PlyCount "70"]
[EventDate "2010.??.??"]

1. e4 c5 2. Nf3 d6 3. Bb5+ Bd7 4. Bxd7+ Qxd7 5. O-O Nc6 6. c3 Nf6 7. Re1 e5 8.
d3 Be7 9. Na3 O-O 10. Nc2 Bd8 11. Bg5 Ng4 12. Bxd8 Raxd8 13. h3 Nf6 14. Ne3 b5
15. a3 a5 16. Qb3 Ne7 17. Qc2 Ng6 18. Rad1 Rc8 19. Nf1 Nh5 20. Qd2 Ngf4 21. Kh2
Nxg2 22. Qg5 Nhf4 23. Qg3 Nxe1 24. Nxe1 Rfe8 25. Nf3 Re6 26. Nh4 Rh6 27. Rd2
Qd8 28. Nf5 Rxh3+ 29. Qxh3 Nxh3 30. Kxh3 Qg5 31. N1e3 Re8 32. Kh2 Re6 33. Rd1
Rg6 34. Ng3 Qf4 35. Kg2 Rxg3+ 0-1

[Event "Open 13 2010/2011"]
[Site "Vitrolles"]
[Date "2010.11.06"]
[Round "2"]
[White "Anton, Jose"]
[Black "Bertrand, Alexandre"]
[Result "1-0"]
[WhiteElo "1888"]
[BlackElo "1660"]
[PlyCount "53"]
[EventDate "2010.??.??"]

1. e4 c5 2. d4 cxd4 3. c3 dxc3 4. Nxc3 Nc6 5. Nf3 d6 6. Bc4 e6 7. O-O Be7 8.
Qe2 a6 9. Rd1 Qc7 10. Bf4 b5 11. Nxb5 axb5 12. Bxb5 e5 13. Nxe5 Bd7 14. Nxd7
Kxd7 15. Rac1 Kd8 16. Rxc6 Qa5 17. Bxd6 Bxd6 18. Rcxd6+ Ke7 19. Rd7+ Kf8 20.
Qc4 Ne7 21. Qc5 g6 22. Qxe7+ Kg7 23. Qxf7+ Kh6 24. Qf4+ g5 25. R1d6+ Kh5 26.
Be2+ g4 27. Rh6# 1-0

[Event "Open 13 2010/2011"]
[Site "Vitrolles"]
[Date "2010.11.06"]
[Round "2"]
[White "Kaser, Simon"]
[Black "Baquer, Marc"]
[Result "1-0"]
[WhiteElo "1684"]
[BlackElo "1792"]
[PlyCount "69"]
[EventDate "2010.??.??"]

1. d4 Nf6 2. c4 g6 3. Nc3 Bg7 4. e4 d6 5. f3 O-O 6. Bg5 h6 7. Be3 c5 8. d5 e6
9. Qd2 Kh7 10. Bd3 exd5 11. cxd5 a6 12. a4 Nbd7 13. Nh3 Ne5 14. Nf2 Bd7 15. O-O
Rb8 16. a5 Nxd3 17. Nxd3 Qe7 18. e5 Ne8 19. exd6 Nxd6 20. Bxc5 Qf6 21. Ne4 Nxe4
22. fxe4 Qh4 23. Bxf8 Bd4+ 24. Nf2 Be5 25. g3 Bxg3 26. hxg3 Qxg3+ 27. Kh1 Rxf8
28. Ra3 Qh4+ 29. Kg2 h5 30. Rh1 Qe7 31. Qe2 Qg5+ 32. Rg3 Qf4 33. Nd3 Qd6 34.
Qf3 Qc7 35. Qxh5+ 1-0

[Event "Open 13 2010/2011"]
[Site "Vitrolles"]
[Date "2010.11.06"]
[Round "2"]
[White "Mosse, Laurent"]
[Black "Corrias, Robert"]
[Result "0-1"]
[WhiteElo "1782"]
[BlackElo "1760"]
[PlyCount "74"]
[EventDate "2010.??.??"]

1. e4 Nc6 2. Nf3 g6 3. d4 Bg7 4. Bc4 e5 5. dxe5 Nxe5 6. Nxe5 Bxe5 7. O-O Ne7 8.
f4 Bg7 9. f5 gxf5 10. exf5 Bf6 11. Nc3 Bxc3 12. bxc3 d5 13. Qd4 O-O 14. Bh6 f6
15. Bxf8 Qxf8 16. Bxd5+ Kh8 17. Be6 Nc6 18. Qc4 Qg7 19. Rad1 Bxe6 20. fxe6 Ne5
21. Qe4 Re8 22. Rd7 Nxd7 23. exd7 Qxd7 24. Qxb7 Kg7 25. Qf3 Qd6 26. Rd1 Qb6+
27. Kh1 Re3 28. Rd7+ Kh6 29. Qf4+ Kg6 30. Qg4+ Kh6 31. Qh4+ Kg6 32. Qxh7+ Kg5
33. Rg7+ Kf4 34. Qh6+ Kf5 35. Qh7+ Ke6 36. Re7+ Kd6 37. Rxe3 Qb1+ 0-1

[Event "Open 13 2010/2011"]
[Site "Vitrolles"]
[Date "2010.11.06"]
[Round "2"]
[White "Vialette, Eric"]
[Black "Solchaga, Jerome"]
[Result "1/2-1/2"]
[WhiteElo "1640"]
[BlackElo "1778"]
[PlyCount "41"]
[EventDate "2010.??.??"]

1. e4 e5 2. Nc3 Nf6 3. f4 d6 4. Nf3 Nc6 5. Bb5 Nd7 6. O-O Be7 7. Nd5 a6 8. Bxc6
bxc6 9. Nxe7 Qxe7 10. fxe5 Nxe5 11. Nxe5 Qxe5 12. d4 Qe7 13. Qd3 O-O 14. Bd2 d5
15. Rae1 Qd8 16. Qg3 Re8 17. Bh6 g6 18. e5 Qd7 19. Rf4 f5 20. Ref1 Qf7 21. Qh4
1/2-1/2

[Event "Open 13 2010/2011"]
[Site "Vitrolles"]
[Date "2010.11.06"]
[Round "2"]
[White "Urcun, Gael"]
[Black "Israel, Daniel"]
[Result "1-0"]
[WhiteElo "1660"]
[BlackElo "1895"]
[PlyCount "87"]
[EventDate "2010.??.??"]

1. e4 c5 2. Nc3 d6 3. d3 g6 4. g3 Bg7 5. Bg2 Nf6 6. h3 Nc6 7. Be3 a6 8. Qd2 O-O
9. Nge2 Rb8 10. Bh6 b5 11. h4 Ne5 12. h5 Bg4 13. Bxg7 Kxg7 14. hxg6 fxg6 15.
Qh6+ Kg8 16. Nd5 Rf7 17. Nxf6+ exf6 18. Qe3 Qa5+ 19. Qd2 Qb6 20. f4 Nf3+ 21.
Bxf3 Bxf3 22. Rf1 Bxe2 23. Qxe2 Re7 24. O-O-O Qa5 25. Kb1 d5 26. Qf3 dxe4 27.
dxe4 c4 28. e5 f5 29. Qd5+ Kg7 30. Qd6 Rbb7 31. Qf6+ Kg8 32. Rd6 Qc7 33. Rfd1
Rb8 34. e6 Rf8 35. Qd4 Qb7 36. Rd8 Rxd8 37. Qxd8+ Kg7 38. Qd4+ Kh6 39. Qf6 b4
40. Qf8+ Kh5 41. Qf6 Kg4 42. Rf1 Kxg3 43. Qg5+ Kh3 44. Rg1 1-0